[Event "Landesliga Sued 1011"]
[Site "Bayern"]
[Date "2011.03.20"]
[Round "8.6"]
[White "Dost, Andreas"]
[Black "Buchner, Rudolf"]
[Result "0-1"]
[WhiteElo "2017"]
[BlackElo "2191"]
[PlyCount "72"]
[EventDate "2010.10.10"]
[EventType "team-tourn"]
[EventRounds "9"]
[EventCountry "GER"]
[SourceTitle "EXT 2012"]
[Source "ChessBase"]
[SourceDate "2011.11.24"]
[SourceVersion "1"]
[SourceVersionDate "2011.11.24"]
[SourceQuality "1"]
[WhiteTeam "Freising"]
[BlackTeam "Muenchen Tarrasch II"]
[WhiteTeamCountry "GER"]
[BlackTeamCountry "GER"]

1. c4 e5 2. g3 Nc6 3. Nc3 g6 4. Bg2 Bg7 5. e4 d6 6. Nge2 Be6 7. d3 Qd7 8. Nd5 Nd8 9. h3 c6 10. Ne3 c5 11. Rb1 Nc6 12. a3 a5 13. Nc3 Nge7 14. Ncd5 Bxd5 15. cxd5 Nd4 16. Nc4 Nc8 17. Be3 b5 18. Nd2 Nb6 19. b3 0-0 20. h4 h6 21. Bh3 Qe7 22. h5 g5 23. Bxd4 exd4 24. Bf5 Nxd5 25. Qg4 Nc3 26. Rc1 a4 27. bxa4 Rxa4 28. f4 Rxa3 29. Nf3 Nd5 30. fxg5 Ne3 31. Qh3 hxg5 32. h6 Bf6 33. e5 Bxe5 34. Be4 g4 35. Nxe5 gxh3 36. Nc6 Qg5 0-1

[Event "Regionalliga SO 0809"]
[Site "Bayern"]
[Date "2009.03.01"]
[Round "7.6"]
[White "Guenes, Erdogan"]
[Black "Dost, Andreas"]
[Result "0-1"]
[WhiteElo "1970"]
[BlackElo "2012"]
[PlyCount "26"]
[EventDate "2008.10.05"]
[EventType "team-tourn"]
[EventRounds "9"]
[EventCountry "GER"]
[SourceTitle "EXT 2020"]
[Source "ChessBase"]
[SourceDate "2019.10.17"]
[SourceVersion "1"]
[SourceVersionDate "2019.10.17"]
[SourceQuality "1"]
[WhiteTeam "Waldkraiburg"]
[BlackTeam "Freising"]
[WhiteTeamCountry "GER"]
[BlackTeamCountry "GER"]

1. c4 e5 2. e4 Bc5 3. Nc3 Nc6 4. g3 d6 5. Bg2 f5 6. d3 Nf6 7. Nge2 fxe4 8. Nxe4 Nxe4 9. dxe4 Be6 10. b3 0-0 11. 0-0 Rxf2 12. Rxf2 Qf6 13. Bf3 Qxf3 0-1

[Event "Landesliga Sued 0708"]
[Site "Bayern"]
[Date "2008.04.06"]
[Round "8.4"]
[White "Lochte, Thomas"]
[Black "Dost, Andreas"]
[Result "1-0"]
[WhiteElo "2135"]
[BlackElo "2031"]
[PlyCount "85"]
[EventDate "2007.10.21"]
[EventType "team-tourn"]
[EventRounds "9"]
[EventCountry "GER"]
[SourceTitle "EXT 2009"]
[Source "ChessBase"]
[SourceDate "2008.11.26"]
[SourceVersion "1"]
[SourceVersionDate "2008.11.26"]
[SourceQuality "1"]
[WhiteTeam "Weilheim"]
[BlackTeam "Freising"]
[WhiteTeamCountry "GER"]
[BlackTeamCountry "GER"]

1. e4 c5 2. d4 cxd4 3. c3 d3 4. Bxd3 Nc6 5. Nf3 d6 6. Bc4 e6 7. 0-0 Nf6 8. Re1 Be7 9. Bg5 Qc7 10. Na3 a6 11. b4 0-0 12. Rc1 h6 13. Bh4 b6 14. h3 Bb7 15. Qe2 Ne5 16. Nxe5 dxe5 17. Bd3 Rac8 18. Bxa6 Bxa6 19. Qxa6 Ra8 20. Qc4 Qa7 21. Nb5 Qxa2 22. Qc7 Nd5 23. exd5 Bxh4 24. g3 Bxg3 25. fxg3 Qd2 26. Rcd1 Qc2 27. Na7 e4 28. Qxb6 Qxc3 29. Re3 Qc2 30. Ra1 Qb2 31. Rae1 Rfb8 32. Qc5 Rxb4 33. Nc6 Rb5 34. Qc4 exd5 35. Ne7+ Kh8 36. Nxd5 Ra2 37. R3e2 Qe5 38. Qxa2 Qxg3+ 39. Kf1 Qxh3+ 40. Rg2 Qf3+ 41. Kg1 Qd3 42. Qa8+ Kh7 43. Nf6+ 1-0

[Event "Landesliga Sued 0708"]
[Site "Bayern"]
[Date "2008.03.09"]
[Round "7.4"]
[White "Gnegel, Boris Igor"]
[Black "Dost, Andreas"]
[Result "1-0"]
[WhiteElo "2032"]
[BlackElo "2031"]
[PlyCount "81"]
[EventDate "2007.10.21"]
[EventType "team-tourn"]
[EventRounds "9"]
[EventCountry "GER"]
[SourceTitle "EXT 2009"]
[Source "ChessBase"]
[SourceDate "2008.11.26"]
[SourceVersion "1"]
[SourceVersionDate "2008.11.26"]
[SourceQuality "1"]
[WhiteTeam "Tegernsee II"]
[BlackTeam "Freising"]
[WhiteTeamCountry "GER"]
[BlackTeamCountry "GER"]

1. e4 c5 2. d4 cxd4 3. c3 d5 4. exd5 Qxd5 5. Qxd4 Qxd4 6. cxd4 Nc6 7. Nf3 Bg4 8. Bb5 Bxf3 9. gxf3 0-0-0 10. Bxc6 bxc6 11. Be3 e6 12. Ke2 Bd6 13. Nd2 Ne7 14. Rac1 Kb7 15. Ne4 Nf5 16. Rc4 Rd7 17. Rhc1 Rc8 18. b4 Rdd8 19. h3 Be7 20. a4 a6 21. Nc5+ Bxc5 22. bxc5 Kc7 23. Rb1 Kd7 24. a5 Ke8 25. Rb6 Ne7 26. Rxa6 Nd5 27. Rb6 Rd7 28. Rb3 Ra7 29. Bd2 f6 30. Rc1 Kf7 31. Rcb1 Rcc7 32. Rb8 Re7 33. Rc8 Rec7 34. Rxc7+ Nxc7 35. Rb6 Nb5 36. Ke3 Rd7 37. a6 Na7 38. Rb7 Ke7 39. Ba5 Nb5 40. Bb6 Nxd4 41. Rxd7+ 1-0

[Event "Regionalliga SO 0607"]
[Site "Bayern"]
[Date "2007.04.22"]
[Round "9.5"]
[White "Fischer, Michael"]
[Black "Dost, Andreas"]
[Result "0-1"]
[WhiteElo "2056"]
[BlackElo "1978"]
[PlyCount "56"]
[EventDate "2006.10.15"]
[EventType "team-tourn"]
[EventRounds "9"]
[EventCountry "GER"]
[SourceTitle "EXT 2008"]
[Source "ChessBase"]
[SourceDate "2007.11.25"]
[SourceVersion "1"]
[SourceVersionDate "2007.11.25"]
[SourceQuality "1"]
[WhiteTeam "Straubing"]
[BlackTeam "Freising"]
[WhiteTeamCountry "GER"]
[BlackTeamCountry "GER"]

1. Nf3 Nf6 2. g3 b6 3. Bg2 Bb7 4. 0-0 c5 5. d3 d5 6. c3 e6 7. Nbd2 Be7 8. Qc2 Nc6 9. e4 0-0 10. Re1 b5 11. e5 Nd7 12. Nf1 Qb6 13. h4 Rfc8 14. N1h2 d4 15. Bg5 dxc3 16. bxc3 Rab8 17. Ng4 c4 18. d4 b4 19. d5 b3 20. Qd2 exd5 21. e6 fxe6 22. Rxe6 Nc5 23. Rxe7 Nxe7 24. Bxe7 Ne4 25. Qb2 Qe6 26. axb3 Qxe7 27. Rxa7 Qc5 28. Qa3 cxb3 0-1

[Event "Regionalliga SO 0607"]
[Site "Bayern"]
[Date "2007.03.18"]
[Round "7.5"]
[White "Lettl, Gerhard"]
[Black "Dost, Andreas"]
[Result "1-0"]
[WhiteElo "2038"]
[BlackElo "1978"]
[PlyCount "89"]
[EventDate "2006.10.15"]
[EventType "team-tourn"]
[EventRounds "9"]
[EventCountry "GER"]
[SourceTitle "EXT 2008"]
[Source "ChessBase"]
[SourceDate "2007.11.25"]
[SourceVersion "1"]
[SourceVersionDate "2007.11.25"]
[SourceQuality "1"]
[WhiteTeam "Tegernsee II"]
[BlackTeam "Freising"]
[WhiteTeamCountry "GER"]
[BlackTeamCountry "GER"]

1. e4 c5 2. c3 d5 3. exd5 Qxd5 4. d4 Nf6 5. Nf3 e6 6. Be2 Nc6 7. 0-0 cxd4 8. Nxd4 Nxd4 9. cxd4 Be7 10. Nc3 Qd6 11. Bf3 0-0 12. Be3 Bd7 13. Bxb7 Rab8 14. Bf3 Rxb2 15. Qc1 Rb4 16. Qa3 a6 17. Qc1 Rc8 18. Qd2 Rbc4 19. Ne4 Nxe4 20. Bxe4 Bf6 21. Rfd1 Ba4 22. Rdc1 Qc7 23. Bd3 Rxc1+ 24. Rxc1 Qxc1+ 25. Qxc1 Rxc1+ 26. Bxc1 Bb5 27. Bxb5 axb5 28. Be3 Kf8 29. Kf1 Ke7 30. Ke2 Kd6 31. Kd3 Kd5 32. f3 Bd8 33. Bd2 Bc7 34. h3 Bg3 35. Bb4 Bf2 36. Bc5 g6 37. f4 h5 38. Kc3 Be3 39. Kb4 Kc6 40. d5+ exd5 41. Bxe3 f6 42. Bd4 g5 43. f5 g4 44. hxg4 hxg4 45. g3 1-0

[Event "Regionalliga SO 0607"]
[Site "Bayern"]
[Date "2006.10.15"]
[Round "1.6"]
[White "Dost, Andreas"]
[Black "Meunier, Matthias"]
[Result "1-0"]
[WhiteElo "1978"]
[BlackElo "1901"]
[PlyCount "67"]
[EventDate "2006.10.15"]
[EventType "team-tourn"]
[EventRounds "9"]
[EventCountry "GER"]
[SourceTitle "EXT 2008"]
[Source "ChessBase"]
[SourceDate "2007.11.25"]
[SourceVersion "1"]
[SourceVersionDate "2007.11.25"]
[SourceQuality "1"]
[WhiteTeam "Freising"]
[BlackTeam "Ebersberg"]
[WhiteTeamCountry "GER"]
[BlackTeamCountry "GER"]

1. c4 Nf6 2. Nf3 g6 3. Nc3 Bg7 4. g3 d6 5. d4 0-0 6. Bg2 Nbd7 7. 0-0 e5 8. e4 c6 9. h3 a6 10. Re1 Qc7 11. Be3 Rb8 12. Rc1 Re8 13. c5 exd4 14. cxd6 Qa5 15. Bxd4 c5 16. Bxf6 Bxf6 17. e5 Bxe5 18. Qd5 Nf6 19. Rxe5 Nxd5 20. Rxe8+ Kg7 21. Nxd5 Qxa2 22. Ne7 Qxb2 23. Rxc5 Qb6 24. Nxc8 Rxc8 25. Rcxc8 Qxd6 26. Ne5 f6 27. Rcd8 Qb6 28. Rd7+ Kh6 29. Ng4+ Kg5 30. Rxb7 Qd4 31. Ree7 h5 32. Ne3 Qa1+ 33. Kh2 f5 34. h4+ 1-0

[Event "Regionalliga SO 0506"]
[Site "Bayern"]
[Date "2006.01.29"]
[Round "6.7"]
[White "Graf, Christian"]
[Black "Dost, Andreas"]
[Result "1/2-1/2"]
[WhiteElo "1991"]
[BlackElo "2000"]
[PlyCount "28"]
[EventDate "2005.10.23"]
[EventType "team-tourn"]
[EventRounds "9"]
[EventCountry "GER"]
[SourceTitle "EXT 2007"]
[Source "ChessBase"]
[SourceDate "2006.11.23"]
[SourceVersion "1"]
[SourceVersionDate "2006.11.23"]
[SourceQuality "1"]
[WhiteTeam "Pang/Rosenheim II"]
[BlackTeam "Freising SK"]
[WhiteTeamCountry "GER"]
[BlackTeamCountry "GER"]

1. e4 c5 2. Nf3 d6 3. Bb5+ Bd7 4. Bxd7+ Qxd7 5. 0-0 Nf6 6. Qe2 Nc6 7. c3 e6 8. d4 cxd4 9. cxd4 d5 10. e5 Ne4 11. Nbd2 Nxd2 12. Bxd2 Be7 13. Rfd1 Rc8 14. Bg5 0-0 1/2-1/2

[Event "Regionalliga SO 0506"]
[Site "Bayern"]
[Date "2005.12.11"]
[Round "4.8"]
[White "Dost, Andreas"]
[Black "Reich, Markus"]
[Result "1/2-1/2"]
[WhiteElo "1978"]
[BlackElo "1794"]
[PlyCount "28"]
[EventDate "2005.10.23"]
[EventType "team-tourn"]
[EventRounds "9"]
[EventCountry "GER"]
[SourceTitle "EXT 2007"]
[Source "ChessBase"]
[SourceDate "2006.11.23"]
[SourceVersion "1"]
[SourceVersionDate "2006.11.23"]
[SourceQuality "1"]
[WhiteTeam "Freising SK"]
[BlackTeam "Passau II"]
[WhiteTeamCountry "GER"]
[BlackTeamCountry "GER"]

1. c4 e6 2. Nf3 d5 3. g3 Nf6 4. Bg2 Be7 5. 0-0 0-0 6. d4 Nbd7 7. Qc2 c6 8. Nbd2 b6 9. b3 Bb7 10. Bb2 Rc8 11. Rfd1 c5 12. dxc5 Bxc5 13. Rac1 Qe7 14. e3 dxc4 1/2-1/2

[Event "Regionalliga SO 0506"]
[Site "Bayern"]
[Date "2005.11.13"]
[Round "2.7"]
[White "Dost, Andreas"]
[Black "Walesch, Robert"]
[Result "0-1"]
[WhiteElo "1978"]
[BlackElo "1890"]
[PlyCount "77"]
[EventDate "2005.10.23"]
[EventType "team-tourn"]
[EventRounds "9"]
[EventCountry "GER"]
[SourceTitle "EXT 2007"]
[Source "ChessBase"]
[SourceDate "2006.11.23"]
[SourceVersion "1"]
[SourceVersionDate "2006.11.23"]
[SourceQuality "1"]
[WhiteTeam "Freising SK"]
[BlackTeam "Tegernsee TV II"]
[WhiteTeamCountry "GER"]
[BlackTeamCountry "GER"]

1. c4 Nf6 2. Nc3 g6 3. g3 Bg7 4. Bg2 0-0 5. d4 c5 6. Nf3 cxd4 7. Nxd4 Nc6 8. 0-0 Qb6 9. Nb3 d6 10. Bg5 Be6 11. Nd5 Bxd5 12. cxd5 Nb4 13. e4 Rac8 14. Be3 Qa6 15. Nd4 Nd7 16. a3 Nd3 17. Qe2 N3c5 18. Qxa6 Nxa6 19. Bh3 Rc4 20. Ne6 fxe6 21. Bxe6+ Kh8 22. Bxd7 Rxe4 23. Rab1 b6 24. b4 Nc7 25. Rbd1 Rc4 26. Bg5 Bf6 27. Bxf6+ exf6 28. Rfe1 Rf7 29. Bc6 Rc3 30. a4 Rc4 31. Rb1 Kg7 32. Kg2 f5 33. h4 Kf6 34. f4 Re7 35. Rxe7 Kxe7 36. Re1+ Kf7 37. Rb1 Rd4 38. a5 Nxd5 39. Bxd5+ 0-1

[Event "Passau op 7th"]
[Site "Passau"]
[Date "1999.04.05"]
[Round "7"]
[White "Dost, Andreas"]
[Black "Dickl, Errol"]
[Result "0-1"]
[WhiteElo "1880"]
[BlackElo "2034"]
[PlyCount "120"]
[EventDate "1999.04.02"]
[EventType "swiss"]
[EventRounds "7"]
[EventCountry "GER"]
[SourceTitle "EXT 2000"]
[Source "ChessBase"]
[SourceDate "1999.11.16"]
[SourceVersion "1"]
[SourceVersionDate "1999.11.16"]
[SourceQuality "1"]

1. e4 c5 2. Nf3 Nc6 3. d4 cxd4 4. Nxd4 e5 5. Nb5 a6 6. N5c3 Bc5 7. Bc4 Nf6 8. a3 b5 9. Bd5 Nxd5 10. Nxd5 Qh4 11. 0-0 0-0 12. Qd3 d6 13. Be3 f5 14. Bxc5 dxc5 15. Nd2 Nd4 16. c4 Bb7 17. b3 Rad8 18. f3 Rd6 19. g3 Qh3 20. Rf2 f4 21. gxf4 Rg6+ 22. Kh1 Bxd5 23. cxd5 Rxf4 24. Rg1 Rgf6 25. Rg3 Qc8 26. Rfg2 g6 27. Rg1 Qf8 28. Rf1 Qd8 29. Rfg1 Kg7 30. Rc1 Qf8 31. Kg2 h5 32. Rf1 Qc8 33. h3 Qc7 34. Rf2 Qa5 35. a4 Qb4 36. Rg5 bxa4 37. bxa4 Qb8 38. Qc3 Kh6 39. Rg3 Qf8 40. Qd3 Rb6 41. Qc3 Rb4 42. Kh2 Rxa4 43. Rfg2 Rf6 44. Nc4 Nxf3+ 45. Kh1 Nh4 46. Rg1 Rf3 47. Qxe5 Rxg3 48. Qxg3 Qf3+ 49. Qxf3 Nxf3 50. Rg3 Rxc4 51. Rxf3 Rxe4 52. Rc3 c4 53. d6 Rd4 54. d7 Rxd7 55. Rxc4 a5 56. Ra4 Rd5 57. Kg2 g5 58. Kg3 Rf5 59. Kg2 Kg6 60. Rc4 Rb5 0-1

[Event "Passau op 7th"]
[Site "Passau"]
[Date "1999.04.03"]
[Round "4"]
[White "Dost, Andreas"]
[Black "Hirsch, Tilo"]
[Result "0-1"]
[WhiteElo "1880"]
[BlackElo "1644"]
[PlyCount "72"]
[EventDate "1999.04.02"]
[EventType "swiss"]
[EventRounds "7"]
[EventCountry "GER"]
[SourceTitle "EXT 2000"]
[Source "ChessBase"]
[SourceDate "1999.11.16"]
[SourceVersion "1"]
[SourceVersionDate "1999.11.16"]
[SourceQuality "1"]

1. e4 e5 2. Nf3 f5 3. exf5 e4 4. Ne5 Nf6 5. Be2 Bc5 6. Bh5+ Kf8 7. Nf7 Qe8 8. Nxh8 Nxh5 9. Qe2 d5 10. d3 Nf6 11. g4 Nc6 12. c3 exd3 13. Qxe8+ Nxe8 14. f3 Kg8 15. Ng6 hxg6 16. fxg6 Ne5 17. Nd2 Nxg6 18. Nb3 Bd6 19. Kf2 c5 20. h4 b6 21. h5 Nf4 22. Bd2 Nf6 23. Rae1 Bd7 24. h6 g6 25. Kg3 Ne2+ 26. Kf2 Rf8 27. Rxe2 dxe2 28. Kxe2 Bb5+ 29. Kd1 Re8 30. Nc1 Kh7 31. Bg5 Nd7 32. Bd2 Ne5 33. Bf4 Nf7 34. Bd2 Ne5 35. Rh3 Rf8 36. f4 Nxg4 0-1

[Event "Passau op 7th"]
[Site "Passau"]
[Date "1999.04.02"]
[Round "2"]
[White "Dost, Andreas"]
[Black "Peuchert, Wolfgang"]
[Result "1-0"]
[WhiteElo "1880"]
[BlackElo "1600"]
[PlyCount "97"]
[EventDate "1999.04.02"]
[EventType "swiss"]
[EventRounds "7"]
[EventCountry "GER"]
[SourceTitle "EXT 2000"]
[Source "ChessBase"]
[SourceDate "1999.11.16"]
[SourceVersion "1"]
[SourceVersionDate "1999.11.16"]
[SourceQuality "1"]

1. e4 c5 2. Nf3 Nc6 3. d4 cxd4 4. Nxd4 g6 5. c4 Nf6 6. Nc3 d6 7. Be2 Bg7 8. Be3 0-0 9. 0-0 a6 10. Rc1 Bd7 11. f3 Qb6 12. Nc2 Qd8 13. Qd2 Ne8 14. Nd4 Nxd4 15. Bxd4 Bxd4+ 16. Qxd4 e5 17. Qe3 Kg7 18. Rfd1 Rc8 19. Nd5 Nf6 20. Nc3 Be6 21. b3 Qe7 22. Rd2 Rfd8 23. Rcd1 Nh5 24. g3 Nf6 25. Na4 Rb8 26. Qb6 Ne8 27. c5 d5 28. exd5 Bf5 29. Qb4 Qg5 30. Qc3 f6 31. Nb6 h5 32. Kf2 Nc7 33. Qe3 Qxe3+ 34. Kxe3 Na8 35. Nc4 Rbc8 36. b4 Nc7 37. a4 Bd7 38. Nb6 Rb8 39. Bc4 Na8 40. Nxd7 Rxd7 41. d6 Rdd8 42. Rc1 b5 43. axb5 axb5 44. Bb3 Rbc8 45. c6 Nb6 46. Be6 Nc4+ 47. Rxc4 bxc4 48. Bxc8 Rxc8 49. d7 1-0